Leo Tolstoy Novels Quiz Stats

 Plays Quiz Updated Mar 6, 2020

Support Sporcle.
Go Orange.
Score 0/12 Timer 05:00
0 Plays Today
Year Novel % Correct
1865-69War and Peace
96.6%
1875-77Anna Karenina
80.2%
1886The Death of Ivan Ilyich
26%
1852Childhood
23.7%
1899Resurrection
22.4%
1854Boyhood
21.5%
1856Youth
20.7%
1863The Cossacks
20.5%
1889The Kreutzer Sonata
18.3%
1896-04Hadji Murat
14.7%
1859Family Happiness
14.6%
1902-04The Forged Coupon
9.1%

From the Vault

South America Consonants

by Flick

Geography 30s
Here's a geography quiz to chew on.
Remove Ads.
Support Sporcle.
Get the best of Sporcle when you Go Orange. This ad-free experience offers more features, more stats, and more fun while also helping to support Sporcle. Thank you for becoming a member.

Show Comments

Extras

Top Quizzes Today


Score Distribution

Your Account Isn't Verified!

In order to create a playlist on Sporcle, you need to verify the email address you used during registration. Go to your Sporcle Settings to finish the process.

Report this User

Report this user for behavior that violates our Community Guidelines.

Details: